Manual de formación para aplicadores y distribuidores de plaguicidas en agricultura / Consejo nacional de investigaciones agropecuarias y forestales (Registro nro. 20143)

Detalles MARC
000 -LEADER
fixed length control field 00707nam a2200205Ia 4500
001 - CONTROL NUMBER
control field 20998
003 - CONTROL NUMBER IDENTIFIER
control field DO-CoUTE
005 - DATE AND TIME OF LATEST TRANSACTION
control field 20260204212532.0
008 - FIXED-LENGTH DATA ELEMENTS--GENERAL INFORMATION
fixed length control field 220104s9999 dr 000 0 spa d
040 ## - CATALOGING SOURCE
Original cataloging agency DO-CoUTE
Language of cataloging spa
Transcribing agency DO-CoUTE
041 0# - LANGUAGE CODE
Language code of text/sound track or separate title spa
082 ## - DEWEY DECIMAL CLASSIFICATION NUMBER
Classification number 641.3 C755m
110 ## - MAIN ENTRY--CORPORATE NAME
Corporate name or jurisdiction name as entry element Consejo nacional de investigaciones agropecuarias y forestales
245 10 - TITLE STATEMENT
Title Manual de formación para aplicadores y distribuidores de plaguicidas en agricultura / Consejo nacional de investigaciones agropecuarias y forestales
260 ## - PUBLICATION, DISTRIBUTION, ETC.
Place of publication, distribution, etc. Santo Domingo, República Dominicana : Coniaf
300 ## - PHYSICAL DESCRIPTION
Extent 440 páginas
942 ## - ADDED ENTRY ELEMENTS (KOHA)
Source of classification or shelving scheme Dewey Decimal Classification
Koha item type Libros
Existencias
Withdrawn status Lost status Source of classification or shelving scheme Damaged status Not for loan Collection code Home library Current library Date acquired Inventory number Total Checkouts Full call number Barcode Date last seen Copy number Price effective from Koha item type
    Dewey Decimal Classification     Colección General Biblioteca UTECO Biblioteca UTECO 01/02/2021 020682   641.3 C755m 020682 03/30/2022 Ej.1 01/03/2021 Libros
    Dewey Decimal Classification     Colección General Biblioteca UTECO Biblioteca UTECO 01/02/2021 021397   641.3 C755m 021397 03/30/2022 Ej.1 01/03/2021 Libros
    Dewey Decimal Classification     Colección General Biblioteca UTECO Biblioteca UTECO 01/02/2021 021398   641.3 C755m 021398 03/30/2022 Ej.3 01/03/2021 Libros
    Dewey Decimal Classification     Colección General Biblioteca UTECO Biblioteca UTECO 01/02/2021 021399   641.3 C755m 021399 03/30/2022 Ej.4 01/03/2021 Libros
© 2021 Derechos Reservados UTECO - Teléfono: +1 809-585-2291 - Correo electrónico: biblioteca@uteco.edu.do​  
Código postal 43000 ​​
Dirección: Avenida Universitaria No. 100, 
Cotuí, Provincia Sánchez Ramírez, República Dominicana - RNC: 404-00059-6